| 000 | 00760nam a2200241Ia 4500 | ||
|---|---|---|---|
| 003 | GCL | ||
| 008 | 140319s9999 xx 000 0 ara d | ||
| 040 |
_aGCL / _cGCL |
||
| 082 | 0 | 4 |
_a621.994 _bح ا |
| 100 | 1 | _aحمدى يس الدسوقى | |
| 245 | 1 | 0 |
_aالقياسات فى الصناعة / _cحمدى يس الدسوقى |
| 260 |
_a[S.N] : _bدار المعارف ، _c1978 |
||
| 490 |
_aالمعارف التكنولوجية _v0 |
||
| 650 | 0 | 4 | _aالقياس |
| 650 | 0 | 4 | _aالصناعة |
| 650 | 0 | 4 | _aاجهزة القياس |
| 650 | 0 | 4 | _aمواصفات قياسية |
| 650 | 0 | 4 | _aالسوائل تتمدد |
| 650 | 0 | 4 | _aالغازات تتمدد |
| 650 | 0 | 4 | _aدرجة الحرارة |
| 650 | 0 | 4 | _aالترمومترات |
| 942 |
_2ddc _cBK |
||
| 999 |
_c58877 _d58877 |
||